MARC

LEADER 00000nam0a2200000 4500
001 48639
005 20231031032038.0
010 |a 5980030425 
035 |a (RuTPU)RU\TPU\book\50940 
090 |a 48639 
100 |a 20030320d2003 m y0rusy50 ca 
101 0 |a rus 
102 |a RU 
105 |a a j 001zy 
200 1 |a Информационные технологии в математике  |e учебное пособие  |f Ю. Ю. Тарасевич 
210 |a Москва  |c СОЛОН-Пресс  |d 2003 
215 |a 144 с.  |c ил. 
225 1 |a Библиотека студента 
320 |a Библиогр.: с. 131 
610 1 |a математика 
610 1 |a математические задачи 
610 1 |a информационные технологии 
610 1 |a численные методы 
610 1 |a уравнения 
610 1 |a интегралы 
610 1 |a функции 
610 1 |a аппроксимация 
610 1 |a MathCAD 2000 
610 1 |a Maple 
610 1 |a LATEX 2 
610 1 |a графики 
610 1 |a матричная алгебра 
610 1 |a комбинаторика 
610 1 |a графы 
610 1 |a математические тексты 
675 |a 51-3(075.8)  |v 3 
675 |a 681.3.068(075.8)  |v 3 
700 1 |a Тарасевич  |b Ю. Ю.  |g Юрий Юрьевич 
801 1 |a RU  |b 63413507  |c 20030320  |g PSBO 
801 2 |a RU  |b 63413507  |c 20030414  |g PSBO 
942 |c BK